00676 2200229 4500001002100000005001500021035002000036007000300056008004100059020002200100082001300122084001900135100002000154245011100174250001100285260003400296300002500330650002400355504001700379990002500396990002500421INLIS00000000001025920221103071322 a0010-1221000015ta221103 g 0 ind  a972-602-1642-14-6 a342.5980 a342.5980 MAR p0 aMargarito Kamis1 aPembatasan kekuasaan Presiden :bpergeseran kekuasaan Presiden pasca amandemen UUD 1945 /cMargarito Kamis aCet. 1 aMalang :bSetara Press,c2014 ax, 282 hlm. ;c23 cm 4aKekuasaan eksekutif ahlm. 263-280 a25592/MKRI-P/II-2017 a25592/MKRI-P/II-2017